Pokemon starting with the letter H - Statistics

General Stats
  • This quiz has been taken 19 times
  • The average score is 24 of 34
Answer Stats
Gen Answer % Correct
5 Haxorus
100%
6 Hawlucha
92%
2 Happiny
83%
3 Hariyama
83%
1 Haunter
83%
5 Heatmor
83%
4 Heatran
83%
6 Heliolisk
83%
6 Helioptile
83%
1 Hitmonchan
83%
1 Hitmonlee
83%
2 Hitmontop
83%
6 Hoopa
83%
1 Hypno
83%
4 Hippowdon
75%
2 Hoothoot
75%
2 Hoppip
75%
5 Hydreigon
75%
2 Heracross
67%
4 Hippopotas
67%
2 Houndoom
67%
2 Houndour
67%
3 Huntail
67%
8 Hatenna
58%
8 Hatterene
58%
8 Hattrem
58%
4 Honchkrow
58%
6 Honedge
58%
2 Ho-oh
58%
5 Herdier
50%
1 Horsea
50%
9 Houndstone
50%
9 Hydrapple
50%
7 Hakamo-o
33%
No matching quizzes found
Score Distribution
Percent of People with Each Score
Percentile by Number Answered
Your Score History
You have not taken this quiz